000 01754nam a2200253 4500
003 CO-ViMGA
020 _a9789587850284
040 _aCO-ViMGA
_bspa
_cCO-ViMGA
090 _aC BAM1
245 1 0 _aBamachigá = Historias del bama
_cdocentes de la comunidad tikuna ; traducción, Mariano Moran ... [et al.] ; ilustraciones, comunidad tikuna de Macedonia y de San Martín de Amacayacu
246 _aHistorias del bama
260 _aBogotá
_bMinisterio de Educación Nacional|bMinisterio de Cultura
_c2017
300 _a127 p. :
_bil. ; color
490 _aPlan Nacional de Lectura y Escritura Leer es mi Cuento
490 _aRío de letras. Territorios narrados
_vv. 2
500 _aColección de actualización bibliográfica para la Red de Bibliotecas Públicas del Ministerio de Cultura, Plan Nacional de Lectura y Escritura Leer es mi cuento, 2018
520 _aHistorias del bama forma parte de la colección Territorios Narrados. Es una compilación de seis relatos dirigidos a jóvenes de básica secundaria que recogen algunos de sus mitos más importantes acerca del origen de las cosas, rituales de iniciación, los seres fantásticos que gobiernan la selva, terribles unos y juguetones otros. Esta edición bilingüe, tikuna-español, busca no solo reforzar el uso de la lengua materna dentro de esta comunidad, sino que todos los niños de Colombia se acerquen a la cultura tikuna...tomado de la contracubierta del libro
650 1 4 _aCuentos indígenas colombianos
_911732
650 1 4 _aLeyendas indígenas colombianas
_92446
650 1 4 _aLiteratura indígena colombiana
_913737
650 1 4 _aTikuna
_xVida social y costumbres
_913750
710 _aComunidad Tikuna de Macedonia y de San Martín de Amacayacu
_913751
942 _2ddc
_cBK
999 _c11886
_d11886